| 000 | 00374nam a2200109Ia 4500 | ||
|---|---|---|---|
| 008 | 171211s9999 xx 000 0 und d | ||
| 245 | _aVocabulary for the High School Student | ||
| 245 | _cHarold Levine, Norman Levine, and Robert Levine | ||
| 260 | _c1987 | ||
| 650 | _xLANGUAGES | ||
| 856 | _uhttp://down.ebook777.com/029/Vocabulary%20for%20the%20High%20School%20Student.pdf | ||
| 999 |
_c349723 _d349723 |
||